Countries that Have Lost Population since 2000 - Statistics

General Stats
  • This quiz has been taken 74 times
  • The average score is 16 of 21
Answer Stats
Loss Loss in % Answer % Correct
954 k 12.2% Serbia
92%
1.05 m 13.1% Bulgaria
91%
470 k 0.32% Russia
91%
323 k 7.29% Croatia
88%
2.90 m 13.1% Romania
88%
470 k 12.5% Bosnia and Herzegovina
86%
72.6 k 5.19% Estonia
85%
5.10 m 10.5% Ukraine
85%
498 k 20.9% Latvia
83%
710 k 1.84% Poland
83%
1.05 m 0.82% Japan
82%
780 k 22.3% Lithuania
82%
251 k 8.04% Albania
80%
659 k 5.95% Greece
78%
560 k 5.48% Hungary
78%
169 k 4.01% Moldova
78%
422 k 4.28% Belarus
74%
100 k 0.98% Portugal
66%
106 k 3.46% Armenia
62%
373 k 8.55% Georgia
62%
1.01 k 5.29% Palau
15%
No matching quizzes found
Score Distribution
Percent of People with Each Score
Percentile by Number Answered
Your Score History
You have not taken this quiz